Microeconomics for JUPEB, IJMB, CAMBRIDGE & TERMINARY INSTITUTION STUDENTS (Record no. 3850)

MARC details
000 -LEADER
fixed length control field 00445nam a22001577a 4500
008 - FIXED-LENGTH DATA ELEMENTS--GENERAL INFORMATION
fixed length control field 250617b |||||||| |||| 00| 0 eng d
020 ## - INTERNATIONAL STANDARD BOOK NUMBER
ISBN 9789785322989
100 ## - MAIN ENTRY--AUTHOR
Author Ishola K A
245 ## - TITLE STATEMENT
Title Microeconomics for JUPEB, IJMB, CAMBRIDGE & TERMINARY INSTITUTION STUDENTS
250 ## - EDITION STATEMENT
Edition statement 2nd
260 ## - PUBLICATION, DISTRIBUTION, ETC. (IMPRINT)
Place of publication Ilorin
Name of publisher Katas publishers Nigeria limited
Date of publication 2022
300 ## - COLLATION
Pagination 443p
650 ## - TRACINGS
Main Subject Microeconomics
942 ## - ADDED ENTRY ELEMENTS (KOHA)
Item type Books
050 ## - LIBRARY OF CONGRESS CALL NUMBER
Classification number HB 74.5
Item number .I 84
Holdings
Source of classification or shelving scheme Not for loan Permanent location Current location Date acquired Accession No. Full call number Barcode. Koha item type
Library of Congress Classification   Samuel Ogbemudia Main Library, University of Abuja Samuel Ogbemudia Main Library, University of Abuja 06/17/2025 2023/61736 HB 74.5 I84 2025-2524 Books